| 000 | 00878cam a2200277La 4500 | ||
|---|---|---|---|
| 001 | 42539 | ||
| 005 | 20230410120824.0 | ||
| 008 | 860116s1975 sp b 000 0 spa d | ||
| 035 | _a(OCoLC)ocm13445010 | ||
| 040 |
_aBRL _cBRL _dOCLCQ |
||
| 050 | 1 | 4 |
_aHX36 _b.L48217 1975 |
| 050 | 1 | 4 |
_aHX 36 _bL699b 1975 |
| 100 | 1 |
_aLichtheim, George, _d1912- |
|
| 240 | 1 | 0 |
_aShort history of socialism. _lSpanish |
| 245 | 1 | 0 |
_aBreve historia del socialismo / _cGeorge Lichtheim ; [traductor, Josefina Rubio]. |
| 260 |
_aMadrid : _bAlianza Editorial, _cc1975. |
||
| 300 |
_a448 p. ; _c18 cm. |
||
| 440 | 0 | _aSeccion Humanidades. | |
| 500 | _a"Volumen especial." | ||
| 500 | _aTranslation of: A short hostory of socialism. | ||
| 504 | _aIncludes bibliographical references (p. 436-447). | ||
| 650 | 0 |
_aSocialism _xHistory. |
|
| 942 |
_2lcc _cbk |
||
| 994 |
_aC0 _bDRFGD |
||
| 946 | _aEdiaz | ||
| 999 |
_c52550 _d52550 |
||